THE ECONOMICS OF AGEING (Record no. 609647)

MARC details
000 -LEADER
fixed length control field 00511nam a22001697a 4500
008 - FIXED-LENGTH DATA ELEMENTS--GENERAL INFORMATION
fixed length control field 260201b |||||||| |||| 00| 0 eng d
020 ## - INTERNATIONAL STANDARD BOOK NUMBER
ISBN 9781852788278
Paper back/Hardbound pbk
082 ## - DEWEY DECIMAL CLASSIFICATION NUMBER
Classification number 305.26021
Item number CRE
100 ## - MAIN ENTRY--AUTHOR NAME
Personal name Creedy,John
245 ## - TITLE STATEMENT
Title THE ECONOMICS OF AGEING
Sub Title The International Library of Critical Writings in Economics series
260 ## - PUBLICATION, DISTRIBUTION, ETC. (IMPRINT)
Place of publication USA
Name of publisher Edward Elgar Publishing Ltd
Year of publication 1 January 1995
300 ## - PHYSICAL DESCRIPTION
Number of Pages Vii 623 P.
504 ## - BIBLIOGRAPHY, ETC. NOTE
Bibliography, etc Includes index
650 ## - SUBJECT ADDED ENTRY--TOPICAL TERM
Topical Term John Creedy
942 ## - ADDED ENTRY ELEMENTS (KOHA)
Koha item type English Books
Holdings
Withdrawn status Lost status Damaged status Not for loan Home library Current library Shelving location Date acquired Full call number Accession Number Price effective from Koha item type
        Anna Centenary Library Anna Centenary Library 3RD FLOOR, B WING 13.11.2010 305.26021 CRE 358758 01.02.2026 English Books

Find us on the map